000 00482nam a2200181Ia 4500
008 230524s9999 xx 000 0 und d
020 _a8173713944
082 _a658.05
_bCLA
100 _aJ.Christopher Westland
245 0 _aGlobal Electronic Commerce : Theory And Case Studies
250 _aIST
260 _aNEW DELHI
_bUniversities Press
_c2006
300 _aVII;587
500 _aQuantity Number: 5
650 _aComp-Sc
700 _a Theodore H K Clark
942 _cBK
999 _c41701
_d41701